000 00490nam a22001937a 4500
003 LK-CoDNM
005 20250106130948.0
008 241220b |||||||| |||| 00| 0 eng d
040 _aLK-CoDNM
_dLK-CoDNM
_eLK-CoDNM
041 _aeng
080 _a4
_bF2
100 _aBOLULENGER,ALBERT GEORGE
245 _aCATALOGUE OF THE SNAKES IN THE BRITISH MUSEUM
260 _c1894
_aLONDON
300 _axi,382p. : ill ; : 24 cm
490 _vvoll 2
650 _ascience
942 _cBK
999 _c235058
_d235058